000 00958cam a2200289 4500
001 7221
003 BD-RjUL
005 20211208234400.0
008 130114s1971 nyu b 001 0 eng
020 _a0444000860
035 _a(BD-RjUL)7263
040 _aDLC
_cDLC
_dDLC
_dBD-RjUL
_beng
041 _aeng
082 0 0 _a519.234
_219
_bMOM 1971
100 1 _aMode, Charles J.,
_d1927-
_922588
245 1 0 _aMultitype branching processes :
_btheory and applications /
_cCharles J. Mode.
260 _aNew York :
_bAmerican Elsevier Pub. Co.,
_cc1971.
300 _axx, 330 p. ;
_c24 cm.
490 1 _aModern analytic and computational methods in science and mathematics,
_vno. 34
504 _aBibliography: p. 318-324.
650 0 _aBranching processes.
_921081
830 0 _vv. 34.
_922591
830 0 _aModern analytic and computational methods in science and mathematics ;
_922592
942 _2ddc
_cBK
999 _c7221
_d7221